ANATOMY & PHYSIOLOGY (Record no. 8500)

MARC details
000 -LEADER
fixed length control field 00322nam a22001457a 4500
003 - CONTROL NUMBER IDENTIFIER
control field SGT
082 ## - DEWEY DECIMAL CLASSIFICATION NUMBER
Classification number 612
Item number A15T
100 ## - MAIN ENTRY--PERSONAL NAME
Personal name TORTORA, GENARD.J
245 ## - TITLE STATEMENT
Title ANATOMY & PHYSIOLOGY
250 ## - EDITION STATEMENT
Edition statement 2015 INDIAN ED
260 ## - PUBLICATION, DISTRIBUTION, ETC. (IMPRINT)
Place of publication, distribution, etc DELHI
Name of publisher, distributor, etc WILEY
Year of Publication 2015
300 ## - PAGE DESCRIPTION
No. of Pages 999+132
650 ## - SUBJECT ADDED ENTRY--TOPICAL TERM
Topical term or geographic name as entry element ANATOMY AND PHYSIOLOGY
942 ## - ADDED ENTRY ELEMENTS (KOHA)
Source of classification or shelving scheme Dewey Decimal Classification
Koha item type Books
942 ## - ADDED ENTRY ELEMENTS (KOHA)
-- 2
Holdings
Withdrawn status Lost status Source of classification or shelving scheme Damaged status Not for loan Collection code Home library Current library Shelving location Date acquired Vendor Name Cost, normal purchase price SGTU Bill Number Total Checkouts Full call number Accession No. (Barcode) Date last seen Date last borrowed Bill Date Koha item type Use restrictions
    Dewey Decimal Classification     AYURVEDA SGT FA-FP Library SGT FA-FP Library Text Book 17/03/2016 AHUJA 2795.00 SGTU 6404 3 612 A15T FA3747 13/08/2019 13/08/2019 22/12/2015 Books  
    Dewey Decimal Classification     AYURVEDA SGT FA-FP Library SGT FA-FP Library Text Book 17/03/2016 AHUJA 2795.00 SGTU 6404 2 612 A15T FA3748 11/09/2025 30/08/2025 22/12/2015 Books  
    Dewey Decimal Classification     AYURVEDA SGT FA-FP Library SGT FA-FP Library Text Book 17/03/2016 AHUJA 2795.00 SGTU 6404   612 A15T FA3749 19/04/2022   22/12/2015 Books  
    Dewey Decimal Classification     AYURVEDA SGT FA-FP Library SGT FA-FP Library Text Book 17/03/2016 AHUJA 2795.00 SGTU 6404 3 612 A15T FA3750 27/11/2019 27/11/2019 22/12/2015 Books  
    Dewey Decimal Classification     AYURVEDA SGT FA-FP Library SGT FA-FP Library Reference Book 17/03/2016 AHUJA 2795.00 SGTU 6404 2 612 A15T FA3751 23/06/2022 24/05/2022 22/12/2015 Books Restricted Access